| 000 | 01612cam a2200385 i 4500 | ||
|---|---|---|---|
| 999 |
_c580 _d580 |
||
| 003 | OSt | ||
| 005 | 20190828163558.0 | ||
| 008 | 131121s2013 nyua j 000 1 eng | ||
| 020 | _a9780241342756 | ||
| 020 |
_a9780241342800 _qBox set |
||
| 040 |
_aDLC _beng _cDLC _erda _dCaOL |
||
| 082 | _aFIC KIN | ||
| 100 | 1 |
_aKinney, Jeff, _eauthor. |
|
| 245 | 1 | 0 |
_aDiary of a wimpy kid : _bhard luck / _cby Jeff Kinney. |
| 246 | 3 | 0 | _aHard luck. |
| 264 | 1 |
_aLondon : _bPuffin, _c2013. |
|
| 300 |
_a217 pages : _billustrations ; _c21 cm. |
||
| 336 |
_atext _2rdacontent. |
||
| 336 |
_astill image _2rdacontent. |
||
| 337 |
_aunmediated _2rdamedia. |
||
| 338 |
_avolume _2rdacarrier. |
||
| 490 | 1 |
_aDiary of a wimpy kid ; _v8. |
|
| 520 |
_a"Greg Heffley's on a losing streak. His best friend, Rowley Jefferson, has ditched him, and finding new friends in middle school is proving to be a tough task. To change his fortunes, Greg decides to take a leap of faith and turn his decisions over to chance. Will a roll of the dice turn things around, or is Greg's life destined to be just another hard-luck story?"-- _cProvided by publisher. |
||
| 650 | 0 |
_aFriendship _vJuvenile fiction. |
|
| 650 | 0 |
_aFortune _vJuvenile fiction. |
|
| 650 | 0 |
_aMiddle schools _vJuvenile fiction. |
|
| 650 | 0 |
_aMiddle school students _vJuvenile fiction. |
|
| 650 | 0 |
_aSchools _vJuvenile fiction. |
|
| 650 | 0 |
_aFamilies _vJuvenile fiction. |
|
| 650 | 0 |
_aDiaries _vJuvenile fiction. |
|
| 655 | 0 | _aHumorous fiction. | |
| 690 | _aLibrary spotlight: Diary of a Wimpy Kid Read Alikes. | ||
| 830 | 0 |
_aDiary of a wimpy kid ; _v8. |
|
| 942 |
_2ddc _cFIC |
||